| 000 | 00333pam a2200133 a 4500 | ||
|---|---|---|---|
| 020 | _c | ||
| 041 | _h | ||
| 082 | _a657.42 | ||
| 100 |
_aLAL (Jawahar) _eauthor |
||
| 245 |
_aCost Management for Final Exam. _hTextual Document |
||
| 260 |
_bTata McGraw-Hil Publication Company Limited . Delhi _c2005 |
||
| 300 | _a876 | ||
| 930 | _a2138 | ||
| 999 |
_c821352 _d821352 |
||